-
CAPPS, PATRICK AND OTHERS
Entry Personal Name
Number of records used in: 1
001 - CONTROL NUMBER
003 - CONTROL NUMBER IDENTIFIER
005 - DATE AND TIME OF LATEST TRANSACTION
- control field:
20210325150127.0
008 - FIXED-LENGTH DATA ELEMENTS
- fixed length control field:
210325|| aca||aabn | a|a d
040 ## - CATALOGING SOURCE
- Original cataloging agency:
OSt
- Transcribing agency:
OSt
100 ## - HEADING--PERSONAL NAME
- Personal name:
CAPPS, PATRICK AND OTHERS
670 ## - SOURCE DATA FOUND
- Source citation:
Work cat.: (OSt): CAPPS, PATRICK AND OTHERS, ASSERTING JURISDICTION: INTERNATIONAL AND EUROPEAN LEGAL PERSPECTIVES, 2003